000 01147nam a22002417a 4500
003 OSt
005 20250917161640.0
008 240325b ||||| |||| 00| 0 eng d
040 _c0
082 _aDPer 621.381 In821 September 2022 v. 37 n. 9
100 _aDebnath, Tutan.
_eauthor.
_955346
245 _aA multilevel inverter for instantaneous voltage balancing of single sourced stacked DC-link capacitors for an induction motor load /
_cTutan Debnath, Rakesh Resalyyan, Mohammed Imthias, K. Gopakumar, Loganathan Umanand, and Wojciech Jarzyna.
260 _aNew York ;
_bThe Institute of Electrical and Electronics Engineers, Inc. ,
_cSeptember 2022.
300 _aVolume 37, pages 10633 - 10641 :
_billustration ;
_c28 cm.
500 _aIEEE Transitions on Power Electronics, v. 37 n. 9, pages 10633-10641, September 2022.
700 _aDebnath, Tutan.
_eauthor.
_955346
700 _aResalyyan, Rakesh.
_eauthor.
_955347
700 _aImthias, Mohammed.
_eauthor.
_955348
700 _aGopakumar, K.
_eauthor.
_955349
700 _aUmanand, Loganathan.
_eauthor.
_955350
700 _aJarzyna, Wojciech.
_eauthor.
_955351
942 _2ddc
_cPER
999 _c19842
_d19842